Balanç 2019-2023 : Govern local : Equilibri territorial : Progrés econòmic i social : Municipalisme Govern local : Equilibri territorial : Progrés econòmic i social : Municipalisme
Descripción Física:
112 pàg. ; il·lustracions color ; 30 cm.
Idioma:
Catalán
MARC
| LEADER | 00000nam a22000007a 4500 | ||
|---|---|---|---|
| 001 | 28476 | ||
| 003 | AGDB | ||
| 005 | 20260324181523.0 | ||
| 008 | 240408b spa||||| |||| 00| 0 cat d | ||
| 040 | |a agdb |b cat | ||
| 245 | |a Balanç 2019-2023 : |b Govern local : Equilibri territorial : Progrés econòmic i social : Municipalisme | ||
| 250 | |a Primera edició: |b abril 2023 | ||
| 260 | |a Barcelona : |b Diputació de Barcelona ; |c 2023 | ||
| 300 | |a 112 pàg. ; |b il·lustracions color ; |c 30 cm. | ||
| 650 | 0 | |a Barcelona (Catalunya : Província). Diputació |x Memòries |9 23006 | |
| 710 | |a Barcelona (Catalunya : Província). |b Àrea de Presidència |9 52558 | ||
| 856 | 4 | 0 | |u https://media.diba.cat/diba/publicacions/balanc_2019-2023.pdf |y Accés lliure (Portal del Mandat 2019-2023 de la Diputació de Barcelona) |
| 942 | |c ARXIU |n 1 | ||
| 952 | |0 0 |1 0 |4 0 |6 BIB1160 |7 1 |9 96929 |a Arxiu |b Arxiu |d 2024-04-08 |l 0 |o Bib-1160 |p 28476 |r 2024-04-08 00:00:00 |w 2024-04-08 |y ARXIU | ||
| 999 | |c 128775 |d 128775 | ||